Inteligencias múltiples en los niños / (Registro nro. 8295)

Detalles MARC
000 -LIDER
fixed length control field 01314nam a22003497a 4500
001 - NÚMERO DE CONTROL
Identificador de número de control 0019
003 - IDENTIFICACDOR DE NÚMERO DE CONTROL
control field DO-SdBNP
005 - DATE AND TIME OF LATEST TRANSACTION
control field 20240912135423.0
007 - CAMPOS FIJOS DE DESCRIPCIÓN FÍSICA
fixed length control field 0019
008 - ELEMENTOS DE LONGITUD FIJA
fixed length control field 150928b 2007 co |||| 00| 0 spa d
020 ## - ISBN
International Standard Book Number 958817745X (v. 1)
020 ## - ISBN
International Standard Book Number 958817743X (v. 2)
020 ## - ISBN
International Standard Book Number 9588177443X (v. 3)
040 ## - FUENTE DE CATALOGACIÓN
Agencia que crea de manera original el registro BPMSU
Idioma de catalogación spa
Agencia que realiza la transcripción BPMSU
082 #4 - NÚMERO DE CLASIFICACIÓN DECIMAL DE DEWEY
Classification number 153.9
Item number I61m 2007
Edition number 22
245 ## - MENCIÓN DE TITULO
Título Inteligencias múltiples en los niños /
Mención de responsabilidad dirección del proyecto y propuesta pedagógica Bernarda Rodríguez Betancur ; Edgar Martínez Alvarado ...¨[et al.] ; ilustraciones Sandra Ardila ... [et al.].
250 ## - MENCIÓN DE EDICION
Mención de edición Edición Andrés Londoño Londoño.
260 ## - PUBLICACIÓN, DISTRIBUCIÓN, ETC. (PIE DE IMPRENTA)
Lugar de publicación, distribución, etc Bogotá :
Nombre del editor, distribuidor, etc. Ediciones Gamma,
Fecha de publicación, distribución, etc 2007.
300 ## - DESCRIPCIÓN FÍSICA
Extensión 3 v. :
Otros detalles físicos il. ;
Dimensiones 29 cm. +
Material complementario 1 CDROM.
505 ## - NOTA DE CONTENIDO
Información miscelánea v.1 :
Título Corporal y relacional. --
Información miscelánea v.2 :
Título Musical y espacial. --
Información miscelánea v.3 :
Título Lingüística y lógica matemática
530 ## - ADDITIONAL PHYSICAL FORM AVAILABLE NOTE
Additional physical form available note El CD-Rom es complemento del libro.
600 ## - ENCABEZAMIENTO DE MATERIA--NOMBRE PERSONAL
Materiales especificados
650 #4 - ENCABEZAMIENTO DE MATERIA--TEMÁTICO
Término temático o nombre geográfico como elemento de entrada Inteligencias múltiples.
650 #4 - ENCABEZAMIENTO DE MATERIA--TEMÁTICO
Término temático o nombre geográfico como elemento de entrada Psicología infantil
Fuente del encabezamiento o término
650 #4 - ENCABEZAMIENTO DE MATERIA--TEMÁTICO
Término temático o nombre geográfico como elemento de entrada Desarrollo de la inteligencia
700 ## - ASIENTO SECUNDARIO -- NOMBRE PERSONAL
Término de relación Ardila, Sandra,
Nombre personal il.
700 ## - ASIENTO SECUNDARIO -- NOMBRE PERSONAL
Nombre personal Londoño Londoño, Andrés,
Mención de responsabilidad ed.
700 ## - ASIENTO SECUNDARIO -- NOMBRE PERSONAL
Término de relación Rodríguez Betancur, Bernarda.
700 ## - ASIENTO SECUNDARIO -- NOMBRE PERSONAL
Término de relación Martínez Alvarado, Edgar
910 ## - VALIDACIÓN
Validación VMateo V. Control de calidad. BPMSU
942 ## - ADDED ENTRY ELEMENTS (KOHA)
Source of classification or shelving scheme Dewey Decimal Classification
Koha item type Libros
Existencias
Withdrawn status Lost status Source of classification or shelving scheme Damaged status Not for loan Collection code Home library Current library Date acquired Source of acquisition Total Checkouts Full call number Barcode Date last seen Copy number Price effective from Koha item type
    Dewey Decimal Classification     Colección Infantil General Biblioteca Pública Metropolitana Salomé Ureña Biblioteca Pública Metropolitana Salomé Ureña 09/28/2015 COMPRA   BPMSU CGI 153.9 I61m 2007 BPMSU15090174 09/28/2015 v. 1 09/28/2015 Libros
    Dewey Decimal Classification     Colección Infantil General Biblioteca Pública Metropolitana Salomé Ureña Biblioteca Pública Metropolitana Salomé Ureña 09/28/2015 COMPRA   BPMSU CGI 153.9 I61m 2007 BPMSU15090175 09/28/2015 v. 1, e.2 09/28/2015 Libros
    Dewey Decimal Classification     Colección Infantil General Biblioteca Pública Metropolitana Salomé Ureña Biblioteca Pública Metropolitana Salomé Ureña 09/28/2015 COMPRA   BPMSU CGI 153.9 I61m 2007 BPMSU15090176 09/28/2015 v.1 e.3 09/28/2015 Libros
    Dewey Decimal Classification     Colección Infantil General Biblioteca Pública Metropolitana Salomé Ureña Biblioteca Pública Metropolitana Salomé Ureña 04/19/2016 COMPRA   BPMSU CGI 153.9 I61m 2007 BPMSU16040539 04/19/2016 v.2 04/19/2016 Libros
    Dewey Decimal Classification     Colección Infantil General Biblioteca Pública Metropolitana Salomé Ureña Biblioteca Pública Metropolitana Salomé Ureña 04/19/2016 COMPRA   BPMSU CGI 153.9 I61m 2007 BPMSU16040540 04/19/2016 v.2 e.2 04/19/2016 Libros
    Dewey Decimal Classification     Colección Infantil General Biblioteca Pública Metropolitana Salomé Ureña Biblioteca Pública Metropolitana Salomé Ureña 04/19/2016 COMPRA   BPMSU CGI 153.9 I61m 2007 BPMSU16040541 04/19/2016 v. 2 e.3 04/19/2016 Libros
    Dewey Decimal Classification     Colección Infantil General Biblioteca Pública Metropolitana Salomé Ureña Biblioteca Pública Metropolitana Salomé Ureña 04/19/2016 COMPRA   BPMSU CGI 153.9 I61m 2007 BPMSU16040542 04/19/2016 v.3 04/19/2016 Libros
    Dewey Decimal Classification     Colección Infantil General Biblioteca Pública Metropolitana Salomé Ureña Biblioteca Pública Metropolitana Salomé Ureña 04/19/2016 COMPRA   BPMSU CGI 153.9 I61m 2007 BPMSU16040543 04/19/2016 v.3 e.2 04/19/2016 Libros
    Dewey Decimal Classification     Colección Infantil General Biblioteca Pública Metropolitana Salomé Ureña Biblioteca Pública Metropolitana Salomé Ureña 04/19/2016 COMPRA   BPMSU CGI 153.9 I61m 2007 BPMSU16040544 04/19/2016 v.3, e.3 04/19/2016 Libros